MLB Hall of Fame Bacon Puzzle - Statistics

General Stats
  • This quiz has been taken 19 times
  • The average score is 6 of 11
Answer Stats
Player % Correct
Ken Griffey Jr.
87%
Steve Carlton
80%
Dave Winfield
73%
Jim Thome
73%
Pedro Martinez
67%
Rickey Henderson
67%
Vladimir Guerrero
53%
Rollie Fingers
47%
Roberto Alomar
33%
Goose Gossage
20%
Ted Simmons
20%
No matching quizzes found
Score Distribution
Percent of People with Each Score
Percentile by Number Answered
Your Score History
You have not taken this quiz